[Event "DVM U16w 2024"]
[Site "Neumünster GER"]
[Date "2024.12.27"]
[Round "2"]
[White "Striebeck, Liv"]
[Black "Fetahovic, Maida"]
[Result "1-0"]
[Termination "normal"]
[Board "7.3"]
[WhiteElo "1448"]
[BlackElo "1505"]
[WhiteClock "01:00:11"]
[BlackClock "00:50:40"]
[WhiteTeam "TuRa Harksheide 1945 Norderstedt"]
[BlackTeam "SG Solingen"]
[PlyCount "61"]
[WhiteFideId "16275438"]
[BlackFideId "34611932"]
[EventCountry "GER"]
[EventRounds "7"]
[EventType "team-swiss"]
[EventDate "2024.12.26"]

1. e4 {[%clk 01:30:58]} {[%emt 00:00:01]} c6 {[%clk 01:30:54]} {[%emt
00:00:07]} 2. Nc3 {[%clk 01:31:22]} {[%emt 00:00:06]} d5 {[%clk 01:31:19]}
{[%emt 00:00:05]} 3. d4 {[%clk 01:31:45]} {[%emt 00:00:07]} dxe4 {[%clk
01:31:18]} {[%emt 00:00:31]} 4. Nxe4 {[%clk 01:32:07]} {[%emt 00:00:08]} Bf5
{[%clk 01:31:38]} {[%emt 00:00:09]} 5. Ng3 {[%clk 01:32:29]} {[%emt 00:00:08]}
Bg6 {[%clk 01:29:11]} {[%emt 00:02:58]} 6. h4 {[%clk 01:32:52]} {[%emt
00:00:07]} h5 {[%clk 01:29:31]} {[%emt 00:00:10]} 7. Nf3 {[%clk 01:31:52]}
{[%emt 00:01:29]} e6 {[%clk 01:29:17]} {[%emt 00:00:45]} 8. Bd3 {[%clk
01:31:49]} {[%emt 00:00:33]} Bxd3 {[%clk 01:29:13]} {[%emt 00:00:34]} 9. Qxd3
{[%clk 01:32:14]} {[%emt 00:00:06]} Nf6 {[%clk 01:29:36]} {[%emt 00:00:07]} 10.
Bd2 {[%clk 01:30:44]} {[%emt 00:01:59]} Bd6 {[%clk 01:27:44]} {[%emt 00:02:23]}
11. Ne4 {[%clk 01:27:22]} {[%emt 00:03:52]} Nxe4 {[%clk 01:24:44]} {[%emt
00:03:30]} 12. Qxe4 {[%clk 01:27:42]} {[%emt 00:00:10]} Nd7 {[%clk 01:22:09]}
{[%emt 00:03:06]} 13. O-O-O {[%clk 01:27:19]} {[%emt 00:00:52]} Nf6 {[%clk
01:22:11]} {[%emt 00:00:28]} 14. Qd3 {[%clk 01:26:07]} {[%emt 00:01:42]} Qc7
{[%clk 01:20:09]} {[%emt 00:02:32]} 15. g3 {[%clk 01:24:48]} {[%emt 00:01:49]}
O-O-O {[%clk 01:15:17]} {[%emt 00:05:22]} 16. Rhe1 {[%clk 01:20:39]} {[%emt
00:04:38]} g6 {[%clk 01:01:57]} {[%emt 00:13:50]} 17. Bg5 {[%clk 01:08:55]}
{[%emt 00:12:15]} Ng4 {[%clk 00:59:40]} {[%emt 00:02:47]} 18. Bxd8 {[%clk
01:06:05]} {[%emt 00:03:20]} Nxf2 {[%clk 00:59:46]} {[%emt 00:00:24]} 19. Bxc7
{[%clk 01:06:24]} {[%emt 00:00:11]} Nxd3+ {[%clk 01:00:01]} {[%emt 00:00:16]}
20. Rxd3 {[%clk 01:06:40]} {[%emt 00:00:13]} Bxc7 {[%clk 01:00:15]} {[%emt
00:00:16]} 21. Ne5 {[%clk 01:05:13]} {[%emt 00:01:58]} f6 {[%clk 00:59:48]}
{[%emt 00:00:57]} 22. Nxg6 {[%clk 01:05:27]} {[%emt 00:00:15]} Re8 {[%clk
00:59:11]} {[%emt 00:01:06]} 23. Nf4 {[%clk 01:04:41]} {[%emt 00:01:16]} Bxf4+
{[%clk 00:58:05]} {[%emt 00:01:36]} 24. gxf4 {[%clk 01:05:05]} {[%emt
00:00:07]} Kd7 {[%clk 00:58:27]} {[%emt 00:00:07]} 25. c4 {[%clk 01:02:50]}
{[%emt 00:02:45]} b6 {[%clk 00:54:42]} {[%emt 00:04:16]} 26. Kc2 {[%clk
01:01:26]} {[%emt 00:01:53]} f5 {[%clk 00:53:23]} {[%emt 00:01:48]} 27. Kc3
{[%clk 00:59:57]} {[%emt 00:02:00]} a5 {[%clk 00:49:51]} {[%emt 00:04:02]} 28.
d5 {[%clk 00:59:03]} {[%emt 00:01:23]} exd5 {[%clk 00:49:54]} {[%emt 00:00:28]}
29. Rxe8 {[%clk 00:59:19]} {[%emt 00:00:14]} Kxe8 {[%clk 00:50:16]} {[%emt
00:00:07]} 30. cxd5 {[%clk 00:59:44]} {[%emt 00:00:05]} cxd5 {[%clk 00:50:40]}
{[%emt 00:00:07]} 31. Rxd5 {[%clk 01:00:11]} {[%emt 00:00:03]} 1-0

[Event "DVM U16w 2024"]
[Site "Neumünster GER"]
[Date "2024.12.27"]
[Round "2"]
[White "Tok, Tuana"]
[Black "Reimann, Tjara-Marie"]
[Result "0-1"]
[Termination "normal"]
[Board "7.4"]
[WhiteElo "1520"]
[BlackElo "980"]
[WhiteClock "00:31:03"]
[BlackClock "01:19:06"]
[WhiteTeam "SG Solingen"]
[BlackTeam "TuRa Harksheide 1945 Norderstedt"]
[PlyCount "78"]
[WhiteFideId "34631313"]
[EventCountry "GER"]
[EventRounds "7"]
[EventType "team-swiss"]
[EventDate "2024.12.26"]

1. d4 {[%clk 01:30:54]} {[%emt 00:00:05]} d5 {[%clk 01:30:50]} {[%emt
00:00:10]} 2. Nf3 {[%clk 01:31:12]} {[%emt 00:00:12]} Nc6 {[%clk 01:30:32]}
{[%emt 00:00:48]} 3. Bf4 {[%clk 01:30:57]} {[%emt 00:00:46]} Bf5 {[%clk
01:30:37]} {[%emt 00:00:25]} 4. Nbd2 {[%clk 01:30:03]} {[%emt 00:01:23]} Nf6
{[%clk 01:30:42]} {[%emt 00:00:25]} 5. e3 {[%clk 01:30:11]} {[%emt 00:00:23]}
e6 {[%clk 01:31:02]} {[%emt 00:00:10]} 6. c4 {[%clk 01:29:03]} {[%emt
00:01:38]} Ne4 {[%clk 01:30:35]} {[%emt 00:00:58]} 7. Bd3 {[%clk 01:13:31]}
{[%emt 00:16:01]} Nxd2 {[%clk 01:29:52]} {[%emt 00:01:13]} 8. Bxf5 {[%clk
01:12:52]} {[%emt 00:01:10]} Nxf3+ {[%clk 01:30:05]} {[%emt 00:00:16]} 9. Qxf3
{[%clk 01:12:33]} {[%emt 00:00:49]} exf5 {[%clk 01:30:20]} {[%emt 00:00:16]}
10. cxd5 {[%clk 01:12:30]} {[%emt 00:00:33]} Nb4 {[%clk 01:29:55]} {[%emt
00:00:55]} 11. O-O {[%clk 01:11:48]} {[%emt 00:01:12]} Nxd5 {[%clk 01:29:34]}
{[%emt 00:00:51]} 12. Rfe1 {[%clk 01:09:56]} {[%emt 00:02:21]} Bb4 {[%clk
01:27:29]} {[%emt 00:02:35]} 13. Re2 {[%clk 01:01:00]} {[%emt 00:09:25]} Nxf4
{[%clk 01:24:14]} {[%emt 00:03:46]} 14. exf4+ {[%clk 01:00:51]} {[%emt
00:00:39]} Be7 {[%clk 01:24:18]} {[%emt 00:00:26]} 15. d5 {[%clk 00:59:39]}
{[%emt 00:01:42]} O-O {[%clk 01:23:46]} {[%emt 00:01:03]} 16. Rc1 {[%clk
00:55:29]} {[%emt 00:04:37]} Rc8 {[%clk 01:22:38]} {[%emt 00:01:41]} 17. Rec2
{[%clk 00:53:30]} {[%emt 00:02:28]} Re8 {[%clk 01:20:43]} {[%emt 00:02:27]} 18.
d6 {[%clk 00:50:53]} {[%emt 00:03:06]} Bxd6 {[%clk 01:20:08]} {[%emt 00:01:04]}
19. Qxb7 {[%clk 00:50:49]} {[%emt 00:00:33]} Bxf4 {[%clk 01:20:14]} {[%emt
00:00:24]} 20. Ra1 {[%clk 00:44:38]} {[%emt 00:06:41]} Qe7 {[%clk 01:19:58]}
{[%emt 00:00:47]} 21. g3 {[%clk 00:44:41]} {[%emt 00:00:27]} Rb8 {[%clk
01:18:57]} {[%emt 00:01:30]} 22. Qxa7 {[%clk 00:44:30]} {[%emt 00:00:40]} Be5
{[%clk 01:19:20]} {[%emt 00:00:09]} 23. Rb1 {[%clk 00:43:28]} {[%emt 00:01:31]}
Ra8 {[%clk 01:19:29]} {[%emt 00:00:22]} 24. Qc5 {[%clk 00:42:18]} {[%emt
00:01:39]} Qxc5 {[%clk 01:19:25]} {[%emt 00:00:34]} 25. Rxc5 {[%clk 00:42:39]}
{[%emt 00:00:10]} Rxa2 {[%clk 01:19:42]} {[%emt 00:00:13]} 26. Re1 {[%clk
00:42:26]} {[%emt 00:00:43]} f6 {[%clk 01:19:32]} {[%emt 00:00:40]} 27. Rb5
{[%clk 00:41:56]} {[%emt 00:01:00]} Kf7 {[%clk 01:19:34]} {[%emt 00:00:27]} 28.
Re2 {[%clk 00:38:15]} {[%emt 00:04:11]} c6 {[%clk 01:18:02]} {[%emt 00:02:03]}
29. Rb7+ {[%clk 00:37:53]} {[%emt 00:00:52]} Re7 {[%clk 01:17:59]} {[%emt
00:00:33]} 30. Rb6 {[%clk 00:30:44]} {[%emt 00:07:39]} c5 {[%clk 01:16:42]}
{[%emt 00:01:46]} 31. f4 {[%clk 00:30:54]} {[%emt 00:00:20]} Bd4+ {[%clk
01:17:04]} {[%emt 00:00:08]} 32. Kf1 {[%clk 00:30:32]} {[%emt 00:00:53]} Ra1+
{[%clk 01:17:21]} {[%emt 00:00:13]} 33. Re1 {[%clk 00:30:25]} {[%emt 00:00:37]}
Raxe1+ {[%clk 01:17:34]} {[%emt 00:00:16]} 34. Kg2 {[%clk 00:30:45]} {[%emt
00:00:10]} c4 {[%clk 01:17:42]} {[%emt 00:00:23]} 35. b4 {[%clk 00:30:45]}
{[%emt 00:00:30]} Bxb6 {[%clk 01:18:00]} {[%emt 00:00:12]} 36. Kh3 {[%clk
00:30:27]} {[%emt 00:00:47]} c3 {[%clk 01:18:16]} {[%emt 00:00:14]} 37. g4
{[%clk 00:30:51]} {[%emt 00:00:06]} fxg4+ {[%clk 01:18:34]} {[%emt 00:00:13]}
38. Kxg4 {[%clk 00:31:15]} {[%emt 00:00:05]} c2 {[%clk 01:18:54]} {[%emt
00:00:11]} 39. h4 {[%clk 00:31:03]} {[%emt 00:00:42]} c1=Q {[%clk 01:19:06]}
{[%emt 00:00:18]} 0-1

[Event "DVM U16w 2024"]
[Site "Neumünster GER"]
[Date "2024.12.27"]
[Round "2"]
[White "Wang, Enya Marie"]
[Black "Modali, Nikhilamrutha"]
[Result "1-0"]
[Termination "normal"]
[Board "8.1"]
[WhiteElo "1757"]
[BlackElo "1640"]
[WhiteClock "00:38:06"]
[BlackClock "00:03:23"]
[WhiteTeam "SV Nürtingen 1920"]
[BlackTeam "Hamburger SK 1830"]
[PlyCount "123"]
[WhiteFideId "34660330"]
[BlackFideId "16282370"]
[EventCountry "GER"]
[EventRounds "7"]
[EventType "team-swiss"]
[EventDate "2024.12.26"]

1. e4 {[%clk 01:30:57]} {[%emt 00:00:02]} c5 {[%clk 01:30:56]} {[%emt
00:00:05]} 2. c3 {[%clk 01:31:22]} {[%emt 00:00:04]} Nf6 {[%clk 01:31:23]}
{[%emt 00:00:03]} 3. e5 {[%clk 01:31:47]} {[%emt 00:00:06]} Nd5 {[%clk
01:31:50]} {[%emt 00:00:04]} 4. Nf3 {[%clk 01:32:12]} {[%emt 00:00:05]} e6
{[%clk 01:32:03]} {[%emt 00:00:17]} 5. d4 {[%clk 01:32:29]} {[%emt 00:00:13]}
Nc6 {[%clk 01:32:22]} {[%emt 00:00:11]} 6. Bc4 {[%clk 01:32:28]} {[%emt
00:00:30]} Nb6 {[%clk 01:32:31]} {[%emt 00:00:21]} 7. Bb3 {[%clk 01:32:39]}
{[%emt 00:00:18]} c4 {[%clk 01:30:01]} {[%emt 00:03:00]} 8. Bc2 {[%clk
01:33:04]} {[%emt 00:00:05]} d5 {[%clk 01:30:26]} {[%emt 00:00:06]} 9. O-O
{[%clk 01:32:54]} {[%emt 00:00:40]} Be7 {[%clk 01:28:52]} {[%emt 00:02:04]} 10.
b3 {[%clk 01:31:14]} {[%emt 00:02:10]} Qc7 {[%clk 01:25:15]} {[%emt 00:04:08]}
11. Qe2 {[%clk 01:26:34]} {[%emt 00:05:09]} Bd7 {[%clk 01:22:37]} {[%emt
00:03:09]} 12. Nbd2 {[%clk 01:26:09]} {[%emt 00:00:54]} Na5 {[%clk 01:17:30]}
{[%emt 00:05:38]} 13. b4 {[%clk 01:22:28]} {[%emt 00:04:10]} Nc6 {[%clk
01:17:47]} {[%emt 00:00:14]} 14. a4 {[%clk 01:22:20]} {[%emt 00:00:37]} a6
{[%clk 01:08:10]} {[%emt 00:10:08]} 15. Re1 {[%clk 01:21:03]} {[%emt 00:01:47]}
Na7 {[%clk 00:50:51]} {[%emt 00:17:49]} 16. Nf1 {[%clk 01:18:15]} {[%emt
00:03:18]} Nbc8 {[%clk 00:49:11]} {[%emt 00:02:10]} 17. Bg5 {[%clk 01:15:42]}
{[%emt 00:03:02]} b5 {[%clk 00:44:09]} {[%emt 00:05:33]} 18. a5 {[%clk
01:15:35]} {[%emt 00:00:37]} h6 {[%clk 00:41:00]} {[%emt 00:03:40]} 19. Be3
{[%clk 01:08:52]} {[%emt 00:07:12]} Nc6 {[%clk 00:34:50]} {[%emt 00:06:41]} 20.
N3d2 {[%clk 01:07:48]} {[%emt 00:01:32]} N8a7 {[%clk 00:34:01]} {[%emt
00:01:20]} 21. Qg4 {[%clk 01:07:02]} {[%emt 00:01:16]} g5 {[%clk 00:26:36]}
{[%emt 00:07:56]} 22. Qh5 {[%clk 01:07:00]} {[%emt 00:00:31]} O-O-O {[%clk
00:25:12]} {[%emt 00:01:55]} 23. Qxf7 {[%clk 01:04:42]} {[%emt 00:02:47]} Rdf8
{[%clk 00:25:32]} {[%emt 00:00:10]} 24. Qh5 {[%clk 01:04:39]} {[%emt 00:00:30]}
Be8 {[%clk 00:25:05]} {[%emt 00:01:01]} 25. Qg4 {[%clk 01:04:23]} {[%emt
00:00:41]} Nd8 {[%clk 00:24:47]} {[%emt 00:00:53]} 26. h3 {[%clk 00:51:05]}
{[%emt 00:13:48]} h5 {[%clk 00:23:20]} {[%emt 00:01:56]} 27. Qd1 {[%clk
00:50:36]} {[%emt 00:00:57]} g4 {[%clk 00:13:26]} {[%emt 00:10:27]} 28. hxg4
{[%clk 00:46:23]} {[%emt 00:04:44]} hxg4 {[%clk 00:08:10]} {[%emt 00:05:45]}
29. g3 {[%clk 00:44:52]} {[%emt 00:01:59]} Rfg8 {[%clk 00:04:28]} {[%emt
00:04:13]} 30. Nh2 {[%clk 00:44:17]} {[%emt 00:01:04]} Bf8 {[%clk 00:02:56]}
{[%emt 00:02:03]} 31. Nxg4 {[%clk 00:42:48]} {[%emt 00:01:59]} Bh5 {[%clk
00:03:01]} {[%emt 00:00:25]} 32. f3 {[%clk 00:42:13]} {[%emt 00:01:06]} Qg7
{[%clk 00:02:13]} {[%emt 00:01:17]} 33. Kg2 {[%clk 00:38:34]} {[%emt 00:04:09]}
Be7 {[%clk 00:02:12]} {[%emt 00:00:32]} 34. Rh1 {[%clk 00:37:11]} {[%emt
00:01:53]} Bxg4 {[%clk 00:01:34]} {[%emt 00:01:08]} 35. Rxh8 {[%clk 00:37:08]}
{[%emt 00:00:32]} Bxf3+ {[%clk 00:01:53]} {[%emt 00:00:11]} 36. Qxf3 {[%clk
00:37:14]} {[%emt 00:00:24]} Rxh8 {[%clk 00:01:54]} {[%emt 00:00:29]} 37. Bf4
{[%clk 00:34:34]} {[%emt 00:03:10]} Nf7 {[%clk 00:01:02]} {[%emt 00:01:22]} 38.
Nf1 {[%clk 00:33:15]} {[%emt 00:01:48]} Rg8 {[%clk 00:00:39]} {[%emt 00:00:54]}
39. Ne3 {[%clk 00:31:09]} {[%emt 00:02:37]} Nc6 {[%clk 00:00:41]} {[%emt
00:00:28]} 40. Rh1 {[%clk 00:31:21]} {[%emt 00:00:17]} Ng5 {[%clk 00:00:36]}
{[%emt 00:00:35]} 41. Qg4 {[%clk 00:29:37]} {[%emt 00:02:14]} Nd8 {[%clk
00:28:27]} {[%emt 00:02:40]} 42. Nxd5 {[%clk 00:57:39]} {[%emt 00:02:28]} Kb8
{[%clk 00:24:56]} {[%emt 00:04:00]} 43. Nxe7 {[%clk 00:57:22]} {[%emt
00:00:48]} Qxe7 {[%clk 00:25:19]} {[%emt 00:00:07]} 44. Bxg5 {[%clk 00:54:02]}
{[%emt 00:03:51]} Rxg5 {[%clk 00:23:44]} {[%emt 00:02:05]} 45. Qf4 {[%clk
00:54:03]} {[%emt 00:00:25]} Qb7+ {[%clk 00:19:43]} {[%emt 00:04:34]} 46. Be4
{[%clk 00:53:42]} {[%emt 00:00:50]} Qg7 {[%clk 00:19:44]} {[%emt 00:00:30]} 47.
Rh7 {[%clk 00:52:23]} {[%emt 00:01:50]} Qg8 {[%clk 00:19:39]} {[%emt 00:00:35]}
48. Rh4 {[%clk 00:49:32]} {[%emt 00:03:19]} Nf7 {[%clk 00:11:59]} {[%emt
00:08:11]} 49. Bf3 {[%clk 00:46:39]} {[%emt 00:03:20]} Qg6 {[%clk 00:11:08]}
{[%emt 00:01:25]} 50. Rg4 {[%clk 00:42:11]} {[%emt 00:04:56]} Rxg4 {[%clk
00:06:51]} {[%emt 00:04:49]} 51. Qxg4 {[%clk 00:40:41]} {[%emt 00:02:01]} Qc2+
{[%clk 00:07:02]} {[%emt 00:00:19]} 52. Kh3 {[%clk 00:41:00]} {[%emt 00:00:10]}
Qh7+ {[%clk 00:07:10]} {[%emt 00:00:23]} 53. Kg2 {[%clk 00:39:46]} {[%emt
00:01:43]} Qc2+ {[%clk 00:06:40]} {[%emt 00:01:00]} 54. Be2 {[%clk 00:40:03]}
{[%emt 00:00:13]} Nh6 {[%clk 00:04:14]} {[%emt 00:02:56]} 55. Qf3 {[%clk
00:38:57]} {[%emt 00:01:36]} Nf5 {[%clk 00:04:28]} {[%emt 00:00:17]} 56. Kf2
{[%clk 00:38:35]} {[%emt 00:00:51]} Qd2 {[%clk 00:03:18]} {[%emt 00:01:41]} 57.
g4 {[%clk 00:38:09]} {[%emt 00:00:55]} Nh4 {[%clk 00:02:15]} {[%emt 00:01:32]}
58. Qf8+ {[%clk 00:37:44]} {[%emt 00:00:55]} Kb7 {[%clk 00:02:39]} {[%emt
00:00:07]} 59. Qe7+ {[%clk 00:38:01]} {[%emt 00:00:12]} Kc6 {[%clk 00:03:05]}
{[%emt 00:00:04]} 60. Qxh4 {[%clk 00:37:56]} {[%emt 00:00:36]} Qf4+ {[%clk
00:03:28]} {[%emt 00:00:06]} 61. Kg2 {[%clk 00:37:48]} {[%emt 00:00:29]} Qe4+
{[%clk 00:03:23]} {[%emt 00:00:45]} 62. Bf3 {[%clk 00:38:06]} {[%emt 00:00:11]}
1-0

[Event "DVM U16w 2024"]
[Site "Neumünster GER"]
[Date "2024.12.27"]
[Round "2"]
[White "Krasikova, Milana"]
[Black "Gold, Finnja"]
[Result "0-1"]
[Termination "normal"]
[Board "8.2"]
[WhiteElo "1561"]
[BlackElo "1657"]
[WhiteClock "00:25:28"]
[BlackClock "00:51:24"]
[WhiteTeam "Hamburger SK 1830"]
[BlackTeam "SV Nürtingen 1920"]
[PlyCount "114"]
[WhiteFideId "16287347"]
[BlackFideId "34660453"]
[EventCountry "GER"]
[EventRounds "7"]
[EventType "team-swiss"]
[EventDate "2024.12.26"]

1. e4 {[%clk 01:30:59]} {[%emt 00:00:01]} c5 {[%clk 01:30:52]} {[%emt
00:00:08]} 2. Nf3 {[%clk 01:31:22]} {[%emt 00:00:07]} a6 {[%clk 01:31:17]}
{[%emt 00:00:05]} 3. Nc3 {[%clk 01:31:11]} {[%emt 00:00:40]} e6 {[%clk
01:30:44]} {[%emt 00:01:04]} 4. d4 {[%clk 01:30:47]} {[%emt 00:00:54]} cxd4
{[%clk 01:31:02]} {[%emt 00:00:12]} 5. Nxd4 {[%clk 01:31:06]} {[%emt 00:00:11]}
Bb4 {[%clk 01:30:55]} {[%emt 00:00:36]} 6. Bd2 {[%clk 01:30:41]} {[%emt
00:00:56]} Nf6 {[%clk 01:30:51]} {[%emt 00:00:33]} 7. Bd3 {[%clk 01:29:37]}
{[%emt 00:01:34]} d5 {[%clk 01:30:26]} {[%emt 00:00:55]} 8. e5 {[%clk
01:27:19]} {[%emt 00:02:48]} Nfd7 {[%clk 01:30:29]} {[%emt 00:00:27]} 9. f4
{[%clk 01:25:26]} {[%emt 00:02:25]} Qb6 {[%clk 01:29:20]} {[%emt 00:01:37]} 10.
Nf3 {[%clk 01:23:41]} {[%emt 00:02:16]} f6 {[%clk 01:29:02]} {[%emt 00:00:49]}
11. Qe2 {[%clk 01:21:20]} {[%emt 00:02:50]} O-O {[%clk 01:27:23]} {[%emt
00:02:09]} 12. Be3 {[%clk 01:13:51]} {[%emt 00:07:59]} Bxc3+ {[%clk 01:26:21]}
{[%emt 00:01:32]} 13. bxc3 {[%clk 01:14:09]} {[%emt 00:00:12]} Qc7 {[%clk
01:24:48]} {[%emt 00:02:03]} 14. c4 {[%clk 01:12:02]} {[%emt 00:02:38]} fxe5
{[%clk 01:20:20]} {[%emt 00:04:58]} 15. Ng5 {[%clk 01:04:57]} {[%emt 00:07:35]}
Nf6 {[%clk 01:19:08]} {[%emt 00:01:42]} 16. fxe5 {[%clk 00:57:33]} {[%emt
00:07:54]} Qxe5 {[%clk 01:18:45]} {[%emt 00:00:52]} 17. O-O {[%clk 00:57:10]}
{[%emt 00:00:53]} d4 {[%clk 01:17:34]} {[%emt 00:01:40]} 18. Bf4 {[%clk
00:52:51]} {[%emt 00:04:50]} Qxe2 {[%clk 01:17:05]} {[%emt 00:00:59]} 19. Bxe2
{[%clk 00:53:09]} {[%emt 00:00:12]} Nc6 {[%clk 01:16:46]} {[%emt 00:00:49]} 20.
Bd6 {[%clk 00:48:03]} {[%emt 00:05:36]} Re8 {[%clk 01:13:50]} {[%emt 00:02:59]}
21. Rae1 {[%clk 00:39:48]} {[%emt 00:09:12]} h6 {[%clk 01:13:26]} {[%emt
00:00:55]} 22. Nf3 {[%clk 00:39:44]} {[%emt 00:00:34]} Ne4 {[%clk 01:13:05]}
{[%emt 00:00:49]} 23. Bf4 {[%clk 00:38:34]} {[%emt 00:01:42]} e5 {[%clk
01:12:00]} {[%emt 00:01:35]} 24. Bc1 {[%clk 00:36:28]} {[%emt 00:02:37]} Nc3
{[%clk 01:10:30]} {[%emt 00:02:00]} 25. a3 {[%clk 00:30:30]} {[%emt 00:06:29]}
Bg4 {[%clk 01:09:47]} {[%emt 00:01:11]} 26. Bb2 {[%clk 00:29:47]} {[%emt
00:01:15]} Nxe2+ {[%clk 01:09:37]} {[%emt 00:00:40]} 27. Rxe2 {[%clk 00:30:06]}
{[%emt 00:00:10]} e4 {[%clk 01:08:45]} {[%emt 00:01:22]} 28. h3 {[%clk
00:29:04]} {[%emt 00:01:32]} Bxf3 {[%clk 01:07:53]} {[%emt 00:01:22]} 29. gxf3
{[%clk 00:29:19]} {[%emt 00:00:15]} exf3 {[%clk 01:06:14]} {[%emt 00:02:09]}
30. Rxe8+ {[%clk 00:29:35]} {[%emt 00:00:13]} Rxe8 {[%clk 01:06:38]} {[%emt
00:00:06]} 31. Rxf3 {[%clk 00:29:48]} {[%emt 00:00:17]} Re1+ {[%clk 01:06:51]}
{[%emt 00:00:16]} 32. Kg2 {[%clk 00:29:46]} {[%emt 00:00:33]} Re2+ {[%clk
00:57:09]} {[%emt 00:10:12]} 33. Rf2 {[%clk 00:29:06]} {[%emt 00:01:11]} Rxf2+
{[%clk 00:56:59]} {[%emt 00:00:40]} 34. Kxf2 {[%clk 00:29:29]} {[%emt
00:00:07]} Kf7 {[%clk 00:57:11]} {[%emt 00:00:19]} 35. Kf3 {[%clk 00:29:31]}
{[%emt 00:00:28]} Ne5+ {[%clk 00:57:07]} {[%emt 00:00:32]} 36. Ke4 {[%clk
00:26:47]} {[%emt 00:03:16]} Nxc4 {[%clk 00:57:29]} {[%emt 00:00:08]} 37. Bxd4
{[%clk 00:27:00]} {[%emt 00:00:17]} Nxa3 {[%clk 00:57:48]} {[%emt 00:00:09]}
38. c3 {[%clk 00:26:50]} {[%emt 00:00:41]} Nb5 {[%clk 00:57:23]} {[%emt
00:00:54]} 39. Be5 {[%clk 00:26:47]} {[%emt 00:00:35]} a5 {[%clk 00:56:28]}
{[%emt 00:01:23]} 40. c4 {[%clk 00:26:58]} {[%emt 00:00:20]} Na3 {[%clk
00:56:30]} {[%emt 00:00:27]} 41. c5 {[%clk 00:26:52]} {[%emt 00:00:37]} Nc4
{[%clk 00:54:13]} {[%emt 00:02:47]} 42. Bc3 {[%clk 00:26:22]} {[%emt 00:00:59]}
a4 {[%clk 00:54:02]} {[%emt 00:00:42]} 43. Kd4 {[%clk 00:24:24]} {[%emt
00:02:28]} Na3 {[%clk 00:53:57]} {[%emt 00:00:34]} 44. Bb2 {[%clk 00:22:34]}
{[%emt 00:02:19]} Nc2+ {[%clk 00:48:24]} {[%emt 00:06:04]} 45. Kc3 {[%clk
00:22:04]} {[%emt 00:01:00]} a3 {[%clk 00:47:13]} {[%emt 00:01:41]} 46. Kxc2
{[%clk 00:22:17]} {[%emt 00:00:16]} axb2 {[%clk 00:47:36]} {[%emt 00:00:07]}
47. Kxb2 {[%clk 00:22:44]} {[%emt 00:00:04]} Ke6 {[%clk 00:47:53]} {[%emt
00:00:12]} 48. Kb3 {[%clk 00:23:09]} {[%emt 00:00:05]} Kd5 {[%clk 00:48:17]}
{[%emt 00:00:06]} 49. Kb4 {[%clk 00:23:32]} {[%emt 00:00:08]} Kc6 {[%clk
00:48:33]} {[%emt 00:00:13]} 50. Kc4 {[%clk 00:23:40]} {[%emt 00:00:23]} g5
{[%clk 00:48:39]} {[%emt 00:00:24]} 51. Kd4 {[%clk 00:23:49]} {[%emt 00:00:21]}
h5 {[%clk 00:49:01]} {[%emt 00:00:07]} 52. Kc4 {[%clk 00:23:32]} {[%emt
00:00:48]} g4 {[%clk 00:49:23]} {[%emt 00:00:09]} 53. hxg4 {[%clk 00:23:54]}
{[%emt 00:00:07]} hxg4 {[%clk 00:49:48]} {[%emt 00:00:05]} 54. Kd4 {[%clk
00:24:17]} {[%emt 00:00:07]} g3 {[%clk 00:50:10]} {[%emt 00:00:09]} 55. Ke3
{[%clk 00:24:42]} {[%emt 00:00:05]} Kxc5 {[%clk 00:50:34]} {[%emt 00:00:05]}
56. Kf3 {[%clk 00:25:05]} {[%emt 00:00:08]} Kc4 {[%clk 00:50:59]} {[%emt
00:00:05]} 57. Kxg3 {[%clk 00:25:28]} {[%emt 00:00:07]} b5 {[%clk 00:51:24]}
{[%emt 00:00:05]} 0-1